| 000 | 00373nam a2200121Ia 4500 | ||
|---|---|---|---|
| 008 | 231129s1980||||xx |||||||||||||| ||spa|| | ||
| 082 | _aHAJ- 0229 | ||
| 100 | _aWright Lindo Marvin | ||
| 245 | 0 | _aEl negro presente con la única alternativa; identificación del negro en las estructuras de clase | |
| 260 | _c1980 | ||
| 264 | _aCosta Rica: {s.n.] 1980 | ||
| 942 |
_2ddc _cBKS |
||
| 999 |
_c11839 _d11839 |
||